|
|
|
|
| LEADER |
00590nam a2200157 4500 |
| 999 |
|
|
|c 154698
|d 154694
|
| 020 |
|
|
|a 8190044109
|
| 082 |
|
|
|a 570.151 KHA/F
|
| 100 |
|
|
|a Khan, Irfan Ali
|9 66462
|
| 245 |
|
|
|a Fundamentals of Biostatistics
|
| 260 |
|
|
|a Hyderabad
|b Ukaaz Publications
|c 1994
|
| 300 |
|
|
|a 492p.
|
| 650 |
|
|
|a Biometry--- Medical statistics.
|9 66216
|
| 856 |
|
|
|u http://classify.oclc.org/classify2/ClassifyDemo?owi=135492923
|
| 942 |
|
|
|c BK
|
| 952 |
|
|
|0 0
|1 0
|4 0
|6 570_151000000000000_KHA_F
|7 0
|9 153290
|a SBS
|b SBS
|d 2017-11-02
|l 1
|m 1
|o 570.151 KHA/F
|p SBS577
|r 2019-07-24
|s 2019-07-10
|w 2017-11-02
|y BK
|